[Event "British Chess Championships 2023: "]
[Site "The Venue, De Montfort University, 20 Western Boulevard, Leicester, LE2 7BU"]
[Date "2023.07.24"]
[Round "5"]
[Board "19"]
[White "Gillibrand, David"]
[Black "Ewart, Samuel"]
[Result "0-1"]
[WhiteElo "1227"]
[BlackElo "1086"]
[PlyCount "86"]
[EventDate "2023.07.21"]
[EventRounds "5"]
[EventCountry "ENG"]

1. e4 e5 2. Nf3 Nc6 3. Bc4 Bc5 4. c3 d6 5. h3 Nf6 6. d3 O-O 7. O-O h6 8. Be3 Bxe3
9. fxe3 a6 10. Nbd2 b5 11. Bb3 Ne7 12. d4 Bb7 13. Qc2 Ng6 14. a3 Qd7 15. c4 bxc4
16. Nxc4 Bxe4 17. Qf2 Bxf3 18. Qxf3 e4 19. Qe2 Rab8 20. Nd2 c5 21. dxc5 dxc5 22.
Rab1 Rfc8 23. Bc4 a5 24. Ba6 Rc7 25. b3 Nd5 26. Rbc1 f5 27. Bc4 Rf8 28. Qh5 Rf6 29.
Nxe4 Kh7 30. Nxf6+ Nxf6 31. Rxf5 Nxh5 32. Rxh5 Qd2 33. Rf1 Qxe3+ 34. Kh2 Qd2 35.
Rd5 Qa2 36. a4 Re7 37. Rdf5 Re4 38. Bd3 Re3 39. Bb1 Qxb3 40. Rxc5 Qxa4 41. Bc2 Qb4
42. Rff5 a4 43. Rb5 Qd6+  0-1

[Event "British Chess Championships 2023: "]
[Site "The Venue, De Montfort University, 20 Western Boulevard, Leicester, LE2 7BU"]
[Date "2023.07.24"]
[Round "5"]
[Board "20"]
[White "Belur, Ashwin"]
[Black "Jelfs, David"]
[Result "1-0"]
[WhiteElo "992"]
[BlackElo "1206"]
[PlyCount "49"]
[EventDate "2023.07.21"]
[EventRounds "5"]
[EventCountry "ENG"]

1. e4 c5 2. d3 Nc6 3. Nf3 g6 4. Nbd2 Bg7 5. Be2 e6 6. O-O Nge7 7. Nc4 d5 8. exd5
exd5 9. Ncd2 O-O 10. c3 b5 11. a3 a5 12. c4 bxc4 13. dxc4 d4 14. Ne4 Qb6 15. Ne1
Bf5 16. f3 Rfd8 17. Nd3 Bxe4 18. fxe4 Nc8 19. Rf4 Nd6 20. Nf2 Ne5 21. Qf1 Bh6 22.
Rh4 Bg7 23. Rb1 Qb3 24. Rh3 Ndxc4 25. Rxb3  1-0

[Event "British Chess Championships 2023: "]
[Site "The Venue, De Montfort University, 20 Western Boulevard, Leicester, LE2 7BU"]
[Date "2023.07.24"]
[Round "5"]
[Board "21"]
[White "Vijayanand, Sanjai Rathinam"]
[Black "Walsh, Shaun"]
[Result "1/2-1/2"]
[WhiteElo "844"]
[BlackElo "1323"]
[PlyCount "54"]
[EventDate "2023.07.21"]
[EventRounds "5"]
[EventCountry "ENG"]

1. e4 e6 2. e5 d5 3. d4 c5 4. Bb5+ Nc6 5. Bxc6+ bxc6 6. f4 cxd4 7. Qxd4 c5 8. Qd1
Ne7 9. Nf3 Nc6 10. c3 Be7 11. Be3 c4 12. O-O O-O 13. b3 Ba6 14. Nbd2 cxb3 15. Re1
bxa2 16. Rxa2 Bb7 17. Ra1 f6 18. Rf1 fxe5 19. Nxe5 Nxe5 20. fxe5 a5 21. Nf3 Qc7 22.
Bd4 a4 23. Rxa4 Rxa4 24. Qxa4 Ra8 25. Qc2 Qc4 26. Qf2 Rf8 27. Ra1 Ba6  1/2-1/2

[Event "British Chess Championships 2023: "]
[Site "The Venue, De Montfort University, 20 Western Boulevard, Leicester, LE2 7BU"]
[Date "2023.07.24"]
[Round "5"]
[Board "23"]
[White "Shoulders, Andrew M"]
[Black "Dairi, Daniella"]
[Result "1-0"]
[WhiteElo "1043"]
[BlackElo "964"]
[PlyCount "55"]
[EventDate "2023.07.21"]
[EventRounds "5"]
[EventCountry "ENG"]

1. b4 d5 2. c4 dxc4 3. e4 Nf6 4. e5 Nd5 5. Bxc4 Be6 6. a3 Nd7 7. Nf3 N7b6 8. d3 Nf4
9. Bxf4 Nxc4 10. Qc2 Nb6 11. Be3 Nd5 12. Bc5 a6 13. O-O Bg4 14. Nbd2 Bxf3 15. Nxf3
e6 16. Bxf8 Rxf8 17. h3 Nf4 18. d4 Qd7 19. Qxh7 g6 20. Qh6 Nd5 21. Qd2 O-O-O 22.
a4 Nb6 23. Qc2 Nd5 24. Rab1 Qe7 25. Qc4 Nf4 26. Rfc1 Rh8 27. Ng5 Qxg5 28. Qxc7#  1-0